| 000 | 00658 a2200217 4500 | ||
|---|---|---|---|
| 005 | 20260430151439.0 | ||
| 008 | 260430b |||||||| |||| 00| 0 eng d | ||
| 020 | _a9789774214073 (pbk) | ||
| 037 | _cTB | ||
| 040 |
_aAL _cAL |
||
| 041 |
_2ARB _aARB |
||
| 084 |
_a4.461 28Q0 _qAL |
||
| 100 |
_aAli, Samiya Ahmad _9854012 |
||
| 245 | _aAl-naqad al-aalami | ||
| 260 |
_aCairo, Egypt: _bAl-misr al-kitab, _c2010. |
||
| 300 | _a159p. | ||
| 365 |
_b350.00 _cINR |
||
| 650 | _aJournalism | ||
| 942 |
_cTB _2CC _h4.461 28Q0 |
||
| 999 |
_c1465783 _d1465783 |
||